Press Statement of the South African Law Commission (Record no. 864)

MARC details
000 -LEADER
fixed length control field 00450nam a22001577a 4500
005 - DATE AND TIME OF INPUT
control field 20231123062930.0
008 - DATA ELEMENTS--GENERAL INFORMATION
fixed length control field 231123b |||||||| |||| 00| 0 eng d
041 ## - LANGUAGE CODE
Language code of text English / Afrikaans
082 ## - SHELF NUMBER
DDC number 342.2 SOU
100 ## - MAIN AUTHOR
Language of a work English / Afrikaans
245 ## - TITLE STATEMENT
Title Press Statement of the South African Law Commission
260 ## - PUBLICATION, DISTRIBUTION, ETC.
Date of publication, distribution, etc. 1990
300 ## - PHYSICAL DESCRIPTION
Other physical details 2 pages ;
Dimensions 31 cm.
650 ## - SUBJECT`
Broad subject Legal practice
Own subject terms Law
942 ## - ADDED ENTRY ELEMENTS (KOHA)
Item type Books
942 ## - ADDED ENTRY ELEMENTS (KOHA)
-- ALISON_BN_VRIES
Holdings
Source of classification or shelving scheme Not for loan Collection code Home library Current library Shelving location Date acquired Full call number Barcode Price effective from Koha item type
Dewey Decimal Classification   TEXT BOOKS LAW SOCIETY OF NAMIBIA LIBRARY - WINDHOEK LAW SOCIETY OF NAMIBIA LIBRARY - WINDHOEK General Shelf 11/23/2023 342.2 SOU LSN/1990/21 11/23/2023 Books